|
|
|
|
| LEADER |
00768nam a2200217 a 4500 |
| 003 |
BD-DhAAL |
| 008 |
090908s1993 illa 000 0 eng d |
| 999 |
|
|
|c 8380
|d 8380
|
| 020 |
|
|
|a 0028226011
|
| 040 |
|
|
|a DLC
|c DLC
|d DLC
|d BD-DhAAL
|
| 082 |
0 |
0 |
|a 510
|2 21
|
| 110 |
1 |
|
|a Glencoe
|9 29113
|
| 245 |
1 |
0 |
|a Mathematics :
|b applications and connections
|
| 260 |
|
|
|a Westerville :
|b Macmillan ;
|b McGraw Hill,
|c 1993.
|
| 300 |
|
|
|a iv,117pages :
|b illustrations ;
|c 28 cm.
|
| 490 |
0 |
|
|a Study Guide Mastersl.
|
| 541 |
1 |
|
|e 00011823
|
| 650 |
|
0 |
|a Mathemaics
|9 29114
|
| 852 |
4 |
|
|a Ayesha Abed Library
|j General shelf
|
| 942 |
|
|
|2 ddc
|c BK
|
| 952 |
|
|
|0 0
|1 0
|2 ddc
|4 0
|6 510_MAT_199300000000000
|7 0
|9 9759
|a BRACUL
|b BRACUL
|c GEN
|d 2010-05-04
|l 1
|m 11
|o 510 MAT
|p 3010011823
|r 2017-07-25
|s 2017-05-04
|t 1
|w 2010-05-04
|y BK
|